Traveling Asia Quiz Stats

Quiz Updated Jan 31, 2016

Also try: Traveling Europe
Challenge
Share
Tweet
Embed
Score 0/18 Timer 06:00
0 Plays Today
Hint Country % Correct
????
91.8%
????
89.1%
????
83.8%
????
81.7%
????
74.3%
????
73.1%
????
67.6%
????
66.4%
????
65.1%
Hint Country % Correct
????
58.9%
????
51.7%
????
50.2%
????
44.6%
????
42.5%
????
40.2%
????
29.5%
????
22.4%
????
18.5%

You're not logged in!

Compare scores with friends on all Sporcle quizzes.
Join for Free
OR
Log In

You Might Also Like...

Show Comments

Extras

Top Quizzes Today


Score Distribution

Your Account Isn't Verified!

In order to create a playlist on Sporcle, you need to verify the email address you used during registration. Go to your Sporcle Settings to finish the process.

Report this User

Report this user for behavior that violates our Community Guidelines.

Details: